[Event "Stare Mesto OPEN"]
[Site "?"]
[Date "2004.08.15"]
[Round "4.9"]
[White "Neumeier, Lars"]
[Black "Karlik, Vladimir"]
[Result "0-1"]
[WhiteElo "2254"]
[BlackElo "2348"]
[PlyCount "52"]
[EventDate "2004.??.??"]
[SourceDate "2004.08.15"]

1. Nf3 Nf6 2. c4 g6 3. b3 Bg7 4. Bb2 O-O 5. d4 d6 6. Nbd2 e5 7. Qc2 exd4 8.
Nxd4 c5 9. Nb5 Bf5 10. Qc1 Nc6 11. a3 a6 12. Nc3 Nd4 13. e4 Nxe4 14. Ncxe4 Bxe4
15. Bxd4 Bxd4 16. Nxe4 Re8 17. Bd3 Bxa1 18. Qxa1 f5 19. f3 fxe4 20. Bxe4 Rxe4+
21. fxe4 Qh4+ 22. Kd1 Qg4+ 23. Kd2 Qxg2+ 24. Kd3 Rf8 25. Re1 Rf3+ 26. Re3 Rf1
0-1

[Event "Stare Mesto OPEN"]
[Site "?"]
[Date "2004.08.15"]
[Round "4.10"]
[White "Kantorik, Marian"]
[Black "Mojzis, Jaroslav"]
[Result "0-1"]
[WhiteElo "2331"]
[BlackElo "2217"]
[PlyCount "76"]
[EventDate "2004.??.??"]
[SourceDate "2004.08.15"]

1. d4 Nf6 2. c4 e6 3. Nc3 Bb4 4. f3 d5 5. a3 Bxc3+ 6. bxc3 c5 7. e3 O-O 8. cxd5
Nxd5 9. Bd2 cxd4 10. cxd4 f5 11. f4 b6 12. Nf3 Bb7 13. Bd3 Nf6 14. O-O Ne4 15.
Bb4 Re8 16. Bb5 Bc6 17. a4 a5 18. Bxc6 Nxc6 19. Ba3 Qd5 20. Qd3 Reb8 21. Rab1
Na7 22. Rfc1 b5 23. Bc5 b4 24. Nd2 Nxd2 25. Qxd2 Nc6 26. Qc2 Rb7 27. Qd3 Nb8
28. Qc4 Qxc4 29. Rxc4 Nd7 30. Rbc1 Rc8 31. Bd6 Rxc4 32. Rxc4 Nb6 33. Rc5 Nxa4
34. Rxa5 b3 35. Ba3 b2 36. Bxb2 Nxb2 37. h3 Nc4 38. Ra6 Kf7 0-1

[Event "Stare Mesto OPEN"]
[Site "?"]
[Date "2004.08.15"]
[Round "4.11"]
[White "Rachela, Milan"]
[Black "Savage, Ben D"]
[Result "0-1"]
[WhiteElo "2308"]
[BlackElo "2204"]
[PlyCount "54"]
[EventDate "2004.??.??"]
[SourceDate "2004.08.15"]

1. d4 Nf6 2. Nf3 g6 3. c4 Bg7 4. Nc3 d5 5. e3 O-O 6. b4 b6 7. Bb2 c5 8. bxc5
bxc5 9. cxd5 Nxd5 10. Bc4 Nxc3 11. Bxc3 Nc6 12. O-O Bg4 13. Bb5 cxd4 14. Bxc6
dxc3 15. Bxa8 Qxa8 16. h3 Bxf3 17. gxf3 c2 18. Qxc2 Bxa1 19. Rxa1 Qxf3 20. Kh2
Rd8 21. Rc1 Rd5 22. Qb2 f6 23. Rg1 Qf5 24. Rc1 Qf3 25. Rg1 Qf5 26. Rc1 Qd7 27.
e4 Rd3 0-1

[Event "Stare Mesto OPEN"]
[Site "?"]
[Date "2004.08.15"]
[Round "4.12"]
[White "Ozeren, Kemal"]
[Black "Rat, Dan Ovidiu"]
[Result "0-1"]
[WhiteElo "2228"]
[BlackElo "2306"]
[PlyCount "130"]
[EventDate "2004.??.??"]
[SourceDate "2004.08.15"]

1. d4 g6 2. c4 d6 3. Nc3 Bg7 4. e4 a6 5. Be2 c6 6. a4 a5 7. Be3 Nf6 8. Nf3 O-O
9. h3 Na6 10. O-O Nd7 11. Qd2 e5 12. d5 c5 13. g4 Nb4 14. Bg5 Bf6 15. Bh6 Bg7
16. Nb5 Qe7 17. Bg5 f6 18. Bh4 Nb6 19. b3 Bd7 20. Ne1 Rf7 21. Nc2 Bh6 22. Qxh6
Nxc2 23. Rac1 Bxb5 24. Rxc2 Bd7 25. Qe3 Qf8 26. Bd3 h5 27. f3 Nc8 28. Rg2 Ne7
29. Kh2 hxg4 30. fxg4 g5 31. Bg3 Qh6 32. Kg1 Kg7 33. Rh2 Rh8 34. Be2 Ng6 35.
Bf3 Kf8 36. Kg2 Rfh7 37. Rfh1 Ke7 38. Qd2 b6 39. Qe1 Qg7 40. Qd1 Rh6 41. Qe2
Kd8 42. Qd1 Qh7 43. Qe2 Be8 44. Qc2 Bf7 45. Qd3 Re8 46. Re1 Rh4 47. Qc3 Rh6 48.
Qd3 Nf4+ 49. Bxf4 exf4 50. Qc3 Re5 51. Rhh1 Bg6 52. Qd3 Qe7 53. Re2 Rh8 54. h4
gxh4 55. Kh3 Qh7 56. Rhe1 Rhe8 57. Qc2 Qh6 58. Qd3 R8e7 59. Qc2 Be8 60. Rg1 Qg5
61. Qd3 f5 62. Rgg2 fxe4 63. Rxe4 Bg6 64. Rge2 Bxe4 65. Bxe4 Qg8 0-1

[Event "Stare Mesto OPEN"]
[Site "?"]
[Date "2004.08.15"]
[Round "4.22"]
[White "Nutiu, Adrian Mihail"]
[Black "Kolosowski, Pawel"]
[Result "0-1"]
[WhiteElo "2104"]
[BlackElo "2273"]
[PlyCount "94"]
[EventDate "2004.??.??"]
[SourceDate "2004.08.15"]

1. d4 Nf6 2. Nf3 g6 3. g3 Bg7 4. Bg2 O-O 5. O-O d6 6. c4 Nc6 7. Nc3 a6 8. h3 e5
9. dxe5 Nxe5 10. Nxe5 dxe5 11. Qxd8 Rxd8 12. Bg5 Re8 13. Rad1 h6 14. Bxf6 Bxf6
15. Rd2 c6 16. Ne4 Be7 17. Nd6 Rd8 18. Rfd1 Rxd6 19. Rxd6 Bxd6 20. Rxd6 Be6 21.
b3 a5 22. a4 Bf5 23. e4 Be6 24. f4 exf4 25. gxf4 Kf8 26. Kf2 Ke7 27. Rd2 f6 28.
h4 g5 29. hxg5 hxg5 30. fxg5 fxg5 31. Kg3 Rd8 32. Rxd8 Kxd8 33. Kf2 Bg4 34. Ke1
Ke7 35. Kd2 Kd6 36. Kc3 Ke5 37. b4 axb4+ 38. Kxb4 Be2 39. Kc5 g4 40. Kb6 Bf3
41. Bf1 Bxe4 42. c5 g3 43. Kxb7 g2 44. Bxg2 Bxg2 45. a5 Kd5 46. a6 Kxc5 47. a7
Kb5 0-1

[Event "Stare Mesto OPEN"]
[Site "?"]
[Date "2004.08.15"]
[Round "4.14"]
[White "Dauth, Benjamin"]
[Black "Tsifanskaja, Ludmila"]
[Result "1-0"]
[WhiteElo "2271"]
[BlackElo "2216"]
[PlyCount "65"]
[EventDate "2004.??.??"]
[SourceDate "2004.08.15"]

1. e4 c5 2. c3 Nf6 3. e5 Nd5 4. d4 cxd4 5. cxd4 d6 6. f4 Nc6 7. Nc3 Nxc3 8.
bxc3 d5 9. Bd3 g6 10. Nf3 Bg4 11. Rb1 Rb8 12. O-O e6 13. Qa4 Bxf3 14. Rxf3 Be7
15. g4 h5 16. gxh5 Rxh5 17. Qc2 Kd7 18. Be3 a6 19. c4 Qa5 20. cxd5 exd5 21. f5
Nb4 22. e6+ fxe6 23. fxe6+ Kd8 24. Bd2 Rc8 25. Qb2 Qc7 26. Bxb4 Bxb4 27. Qxb4
Qxh2+ 28. Kf1 Qh1+ 29. Kf2 Qh4+ 30. Ke2 Qh2+ 31. Rf2 Re5+ 32. dxe5 Qxe5+ 33.
Kf1 1-0

[Event "Stare Mesto OPEN"]
[Site "?"]
[Date "2004.08.15"]
[Round "4.15"]
[White "Tejkal, Jiri"]
[Black "Schulz, Joern"]
[Result "0-1"]
[WhiteElo "2048"]
[BlackElo "2266"]
[PlyCount "100"]
[EventDate "2004.??.??"]
[SourceDate "2004.08.15"]

1. d4 Nf6 2. Nf3 e6 3. c4 b6 4. a3 Bb7 5. Nc3 d5 6. cxd5 Nxd5 7. Qc2 Nxc3 8.
Qxc3 Be7 9. Bf4 c6 10. e3 O-O 11. Be2 Nd7 12. O-O Nf6 13. Be5 Bd6 14. Rfd1 Qe7
15. Qe1 Rfd8 16. Qf1 a5 17. Bxd6 Qxd6 18. Rac1 Nd7 19. Rc2 Qe7 20. Rcd2 c5 21.
dxc5 Nxc5 22. Rxd8+ Rxd8 23. Ne5 Nb3 24. Rxd8+ Qxd8 25. Qd1 Nd2 26. Nf3 Nxf3+
27. Bxf3 Qxd1+ 28. Bxd1 Kf8 29. g3 Ke7 30. Kf1 Kd6 31. Ke2 Kc5 32. Kd3 b5 33.
Bh5 f5 34. Be8 b4 35. Bd7 Be4+ 36. Kd2 Bd5 37. Kd3 Bc4+ 38. Kd2 g5 39. Bc8 Kc6
40. axb4 axb4 41. b3 Bxb3 42. Ba6 Bd5 43. f4 g4 44. Kd3 Kc5 45. Kd2 Be4 46. Bc8
Kd6 47. Kc1 e5 48. Kb2 exf4 49. exf4 Kc5 50. Kc1 Kd4 0-1

[Event "Stare Mesto OPEN"]
[Site "?"]
[Date "2004.08.15"]
[Round "4.17"]
[White "Sojka, Ales"]
[Black "Hausner, Ivan"]
[Result "0-1"]
[WhiteElo "2135"]
[BlackElo "2419"]
[PlyCount "115"]
[EventDate "2004.??.??"]
[SourceDate "2004.08.15"]

1. e4 Nf6 2. e5 Nd5 3. d4 d6 4. Nf3 g6 5. Bc4 c6 6. O-O Bg7 7. Re1 O-O 8. Bb3
dxe5 9. Nxe5 Nd7 10. Qe2 Nxe5 11. dxe5 Be6 12. Bd2 Nc7 13. c4 Bf5 14. Rd1 Ne6
15. Be3 Qc7 16. f4 g5 17. g3 gxf4 18. gxf4 Kh8 19. Bc2 Bxc2 20. Qxc2 Rg8 21.
Kh1 f6 22. Qf5 Qc8 23. Nc3 fxe5 24. fxe5 Rf8 25. Qh5 Qc7 26. Bh6 Bxh6 27. Qxh6
Qxe5 28. Re1 Qf6 29. Qxf6+ Rxf6 30. Rad1 Rg8 31. Ne4 Rh6 32. Re3 Nf4 33. Ng3
Rd6 34. Rf1 Re6 35. Rxe6 Nxe6 36. Re1 Rg6 37. Nf5 Rf6 38. Nxe7 Kg7 39. Nf5+
Rxf5 40. Rxe6 Rf2 41. Re7+ Rf7 42. Re6 Rd7 43. Re2 Kf6 44. Kg2 Rd3 45. Kf1 a5
46. Ke1 a4 47. Rf2+ Ke6 48. Rg2 Rd4 49. Rg7 Rh4 50. Rxb7 Rxh2 51. Rb6 Kd6 52.
b4 Kc7 53. Ra6 Rxa2 54. Ra7+ Kb6 55. Rxh7 a3 56. Rh3 Ra1+ 57. Kd2 a2 58. Ra3
0-1

[Event "Stare Mesto OPEN"]
[Site "?"]
[Date "2004.08.15"]
[Round "4.18"]
[White "Zpevak, Pavel"]
[Black "Staufcik, Robert"]
[Result "1-0"]
[WhiteElo "2355"]
[BlackElo "2129"]
[PlyCount "61"]
[EventDate "2004.??.??"]
[SourceDate "2004.08.15"]

1. Nf3 Nf6 2. g3 d5 3. Bg2 e6 4. O-O c5 5. c4 b6 6. cxd5 exd5 7. d4 Be7 8. Nc3
O-O 9. Ne5 Bb7 10. dxc5 bxc5 11. Qb3 Nbd7 12. Qxb7 Nxe5 13. Nxd5 Nxd5 14. Qxd5
Qxd5 15. Bxd5 Rad8 16. Rd1 Nc4 17. Rb1 Nb6 18. Bb3 c4 19. Bc2 Rxd1+ 20. Bxd1
Nd5 21. e4 Nb4 22. Be3 Nxa2 23. Ra1 Nb4 24. Rxa7 Bf6 25. Be2 Bxb2 26. Bxc4 Nc6
27. Rc7 Ne5 28. Bc5 Rd8 29. Bd5 Nf3+ 30. Kg2 Be5 31. Rxf7 1-0

[Event "Stare Mesto OPEN"]
[Site "?"]
[Date "2004.08.15"]
[Round "4.19"]
[White "Dusbaba, Karel"]
[Black "Mudrak, Josef"]
[Result "0-1"]
[WhiteElo "2127"]
[BlackElo "2353"]
[PlyCount "122"]
[EventDate "2004.??.??"]
[SourceDate "2004.08.15"]

1. c4 Nf6 2. Nc3 d6 3. d4 g6 4. e4 Bg7 5. f3 O-O 6. Be3 e5 7. d5 c6 8. Qd2 cxd5
9. cxd5 Ne8 10. g4 f5 11. gxf5 gxf5 12. O-O-O a6 13. Bd3 f4 14. Bf2 Qg5 15. Bf1
Kh8 16. Na4 Nd7 17. Nb6 Nxb6 18. Bxb6 Qh5 19. Kb1 Bf6 20. Bd3 Bd7 21. Rc1 Be7
22. Qf2 Bh4 23. Qf1 Rg8 24. Rc2 Be7 25. Rg2 Rxg2 26. Qxg2 Rc8 27. Qf2 Bh4 28.
Qf1 Be7 29. Qf2 Nf6 30. Ne2 Rg8 31. Rg1 Rg6 32. Rxg6 hxg6 33. Ng1 g5 34. Kc1 g4
35. fxg4 Bxg4 36. Qc2 Ne8 37. b4 Bd7 38. a4 Qh4 39. Nf3 Qg4 40. Ng1 Kg8 41. b5
axb5 42. axb5 Bg5 43. Qf2 Bh4 44. Qf1 Kf8 45. Nf3 Be7 46. Qh1 Nf6 47. Kd2 Qg6
48. Ne1 Qh7 49. Nc2 Qh6 50. Kc3 Be8 51. Bc7 Qh3 52. Kd2 Bg6 53. b6 Qh7 54. Qa1
Nxe4+ 55. Bxe4 Bxe4 56. Nb4 Qxh2+ 57. Kc3 Qg3+ 58. Kc4 Bf3 59. Nc6 bxc6 60.
Qa8+ Kf7 61. dxc6 Be2+ 0-1

[Event "Stare Mesto OPEN"]
[Site "?"]
[Date "2004.08.15"]
[Round "4.20"]
[White "Birkenmaier, Rainer"]
[Black "kotan, Ladislav"]
[Result "0-1"]
[WhiteElo "2131"]
[BlackElo "2325"]
[PlyCount "30"]
[EventDate "2004.??.??"]
[SourceDate "2004.08.15"]

1. d4 d5 2. Nf3 Nf6 3. e3 Bf5 4. c4 e6 5. Qb3 Nc6 6. cxd5 Nb4 7. dxe6 Nc2+ 8.
Kd1 fxe6 9. Qxb7 Nxa1 10. Qc6+ Kf7 11. Ng5+ Kg8 12. Nxe6 Qd5 13. Qxd5 Nxd5 14.
Nxf8 Bc2+ 15. Kd2 Bxb1 0-1

[Event "Stare Mesto OPEN"]
[Site "?"]
[Date "2004.08.15"]
[Round "4.14"]
[White "Medunova, Vera"]
[Black "Dlugosz, Jedrzej"]
[Result "0-1"]
[WhiteElo "2191"]
[BlackElo "2270"]
[PlyCount "108"]
[EventDate "2004.??.??"]
[SourceDate "2004.08.15"]

1. e4 g6 2. d4 Bg7 3. f4 d6 4. Nf3 c5 5. Bb5+ Bd7 6. Bxd7+ Nxd7 7. d5 b5 8. Qe2
Ngf6 9. Nbd2 Rb8 10. O-O O-O 11. c4 bxc4 12. Nxc4 Nb6 13. Na5 Qd7 14. Re1 Rfe8
15. Bd2 e6 16. dxe6 Rxe6 17. Qd3 Rbe8 18. Ng5 R6e7 19. e5 dxe5 20. Qxd7 Rxd7
21. Be3 Rd5 22. fxe5 Rdxe5 23. Bd2 Ng4 24. h3 Rxe1+ 25. Rxe1 Bd4+ 26. Kh1 Nf2+
27. Kh2 Rxe1 28. Bxe1 Nd3 29. Bc3 Nxb2 30. Bxd4 cxd4 31. Kg3 d3 32. Ne4 f5 33.
Nd2 Nd5 34. Kf3 Kf7 35. Nac4 Nxc4 36. Nxc4 Ke6 37. a3 a6 38. g3 Nc3 39. Ke3 Ne4
40. Kxd3 Nxg3 41. Ne3 f4 42. Nc2 g5 43. Nb4 a5 44. Nc6 a4 45. Nd4+ Kd5 46. Nb5
Ne4 47. Nc7+ Ke5 48. Ke2 h5 49. Na8 g4 50. hxg4 hxg4 51. Nb6 Kd4 52. Nxa4 f3+
53. Kf1 Ke3 54. Nb2 Nd2+ 0-1

[Event "Stare Mesto OPEN"]
[Site "?"]
[Date "2004.08.15"]
[Round "4.21"]
[White "Vrana, Frantisek"]
[Black "Ponizil, Cyril"]
[Result "1/2-1/2"]
[WhiteElo "2275"]
[BlackElo "2111"]
[PlyCount "84"]
[EventDate "2004.??.??"]
[SourceDate "2004.08.15"]

1. e4 c5 2. Nf3 Nc6 3. g3 g6 4. d4 cxd4 5. Nxd4 Bg7 6. Ne2 Nf6 7. Bg2 d6 8.
Nbc3 O-O 9. a4 Bd7 10. Nd5 Nxd5 11. exd5 Ne5 12. h3 Qc7 13. O-O Rfc8 14. c3 a6
15. b3 Bf5 16. Be3 h5 17. a5 Nd7 18. Bd4 Bxd4 19. Qxd4 Qc5 20. Qd2 Ne5 21. Kh2
Nd7 22. c4 Nf6 23. Nd4 Bd7 24. Rfe1 Re8 25. Re2 Kg7 26. Rae1 Ng8 27. Qc3 Kf8
28. b4 Qa7 29. c5 Rec8 30. c6 bxc6 31. Nxc6 Bxc6 32. dxc6 Rc7 33. Rc1 Nf6 34.
Qd2 Kg7 35. Re3 Rb8 36. Bf3 d5 37. Bxd5 Rd8 38. Rd3 Rxd5 39. Rxd5 Nxd5 40. Qxd5
Qxf2+ 41. Qg2 Qd4 42. Qe2 Qxb4 1/2-1/2

[Event "Stare Mesto OPEN"]
[Site "?"]
[Date "2004.08.15"]
[Round "4.23"]
[White "Camus, Berenger"]
[Black "Volodin, Viktor"]
[Result "1-0"]
[WhiteElo "2092"]
[BlackElo "2247"]
[PlyCount "71"]
[EventDate "2004.??.??"]
[SourceDate "2004.08.15"]

1. d4 g6 2. c4 Bg7 3. Nc3 d6 4. e4 Nd7 5. Be3 e5 6. Nge2 Ngf6 7. f3 a6 8. Qd2
Rb8 9. a4 O-O 10. Rd1 Kh8 11. g4 Ng8 12. Ng3 exd4 13. Bxd4 Ne5 14. Be2 Qh4 15.
Bf2 Qf6 16. O-O Be6 17. Nd5 Nxf3+ 18. Bxf3 Qxf3 19. Ba7 Qxg4 20. Bxb8 Rxb8 21.
Nxc7 Bxc4 22. Qxd6 Bxf1 23. Rxf1 Rc8 24. Rf4 Rd8 25. Qxd8 Qxf4 26. Nd5 Qc1+ 27.
Kg2 Qxb2+ 28. Kh3 Qe5 29. a5 h5 30. Qd7 Nf6 31. Qxf7 Nxe4 32. Qxb7 Ng5+ 33. Kg2
h4 34. Ne7 hxg3 35. Nxg6+ Kh7 36. Nxe5 1-0

[Event "Stare Mesto OPEN"]
[Site "?"]
[Date "2004.08.15"]
[Round "4.24"]
[White "Kolesar, Michal"]
[Black "Szymor, Przemyslaw"]
[Result "0-1"]
[WhiteElo "2083"]
[BlackElo "2243"]
[PlyCount "46"]
[EventDate "2004.??.??"]
[SourceDate "2004.08.15"]

1. d4 Nf6 2. c4 e6 3. Nf3 b6 4. e3 Bb7 5. Bd3 c5 6. Nc3 cxd4 7. exd4 d5 8. cxd5
Nxd5 9. O-O Be7 10. Ne5 O-O 11. Qg4 Nf6 12. Qh4 Nbd7 13. Bg5 Nxe5 14. dxe5 Qxd3
15. exf6 gxf6 16. Bh6 Qg6 17. Qh3 Rfd8 18. Ne2 f5 19. Rfc1 Rac8 20. Rxc8 Rxc8
21. Nf4 Qg4 22. Qd3 Rd8 23. Qc3 Rd1+ 0-1

[Event "Stare Mesto OPEN"]
[Site "?"]
[Date "2004.08.15"]
[Round "4.25"]
[White "Foglia, mauricio"]
[Black "Havranek, Miroslav"]
[Result "0-1"]
[WhiteElo "2083"]
[BlackElo "2238"]
[PlyCount "66"]
[EventDate "2004.??.??"]
[SourceDate "2004.08.15"]

1. e4 c5 2. c3 Nf6 3. e5 Nd5 4. Nf3 Nc6 5. Na3 g6 6. Qb3 Nc7 7. d4 cxd4 8. cxd4
Bg7 9. Nc4 b5 10. Ne3 a6 11. Bd2 O-O 12. Rc1 Bb7 13. Be2 Ne6 14. Nc2 d6 15. Qe3
dxe5 16. dxe5 Qd5 17. Bc3 Qxa2 18. h4 Qb3 19. h5 b4 20. Qb6 Rab8 21. Nd2 Qd5
22. Bxb4 Nxb4 23. Qxb4 Qxe5 24. hxg6 fxg6 25. Qh4 Nf4 26. Ne3 h5 27. Ndc4 Qf6
28. Qxf6 Bxf6 29. f3 Bc8 30. g3 Nxe2 31. Kxe2 Be6 32. Ra1 Rfc8 33. Kd3 Rb3+ 0-1

[Event "Stare Mesto OPEN"]
[Site "?"]
[Date "2004.08.15"]
[Round "4.26"]
[White "Holeksa, Zdenek"]
[Black "Stamoudis, Chrysafis"]
[Result "1-0"]
[WhiteElo "2223"]
[BlackElo "2075"]
[PlyCount "47"]
[EventDate "2004.??.??"]
[SourceDate "2004.08.15"]

1. e4 c5 2. Nf3 e6 3. d4 cxd4 4. Nxd4 a6 5. Bd3 Qc7 6. O-O Nf6 7. Kh1 d6 8. f4
Nbd7 9. Qe2 Be7 10. b3 b6 11. c4 Bb7 12. Nc3 O-O 13. Bb2 Rac8 14. Rae1 e5 15.
Nf5 Nc5 16. fxe5 dxe5 17. Bb1 Rfe8 18. Nd5 Nxd5 19. exd5 Bf6 20. Nh6+ Kh8 21.
Rxf6 gxf6 22. Qc2 Kg7 23. Qxh7+ Kf8 24. Nf5 1-0

[Event "Stare Mesto OPEN"]
[Site "?"]
[Date "2004.08.15"]
[Round "4.27"]
[White "Bugalski, Michal"]
[Black "Lovas, Miroslav"]
[Result "1-0"]
[WhiteElo "2216"]
[BlackElo "2084"]
[PlyCount "89"]
[EventDate "2004.??.??"]
[SourceDate "2004.08.15"]

1. e4 e5 2. Nf3 Nf6 3. Nxe5 d6 4. Nf3 Nxe4 5. d4 d5 6. Bd3 Be7 7. O-O Nc6 8.
Re1 Bg4 9. c3 f5 10. Qb3 O-O 11. Nbd2 Na5 12. Qa4 c6 13. Ne5 Bh4 14. g3 Ng5 15.
b4 Nc4 16. Ndxc4 b5 17. Qa5 Nh3+ 18. Kg2 bxc4 19. Qxd8 Bxd8 20. Bc2 Ng5 21.
Bxg5 Bxg5 22. f4 Bf6 23. Nxc6 g6 24. h3 Bh5 25. Re6 Rfe8 26. Rae1 Kf7 27. Rxe8
Rxe8 28. Rxe8 Kxe8 29. Nxa7 Kd7 30. Kf2 Kd6 31. Nb5+ Kc6 32. a4 h6 33. Ke3 g5
34. Na3 gxf4+ 35. Kxf4 Bg5+ 36. Kxf5 Be2 37. Ke5 Bd2 38. b5+ Kb6 39. Kxd5 Bxc3
40. Nxc4+ Kb7 41. Kc5 Be1 42. Be4+ Kb8 43. g4 Bf1 44. b6 Bxh3 45. a5 1-0

[Event "Stare Mesto OPEN"]
[Site "?"]
[Date "2004.08.15"]
[Round "4.28"]
[White "Borovicka, Bohumil"]
[Black "Valenta, Vit"]
[Result "1-0"]
[WhiteElo "2073"]
[BlackElo "2182"]
[PlyCount "95"]
[EventDate "2004.??.??"]
[SourceDate "2004.08.15"]

1. d4 Nf6 2. Nf3 g6 3. e3 Bg7 4. c4 O-O 5. Nc3 d6 6. Be2 Nbd7 7. O-O e5 8. b4
exd4 9. exd4 c5 10. Ba3 Re8 11. Rb1 b6 12. Re1 a6 13. Bc1 Bf8 14. bxc5 bxc5 15.
Bf4 Nh5 16. Bg5 Qa5 17. Nd5 Ra7 18. Nd2 Ng7 19. Nb3 Qa3 20. Bc1 Qa4 21. Nc3 Qc6
22. Bf3 Qc7 23. Nd5 Qd8 24. Rxe8 Qxe8 25. Na5 Ne6 26. dxc5 dxc5 27. Bb2 Ng5 28.
Bg4 f5 29. Be2 Bg7 30. Bxg7 Kxg7 31. Rb3 Ne6 32. Re3 Qf7 33. Nc6 Rb7 34. Nd8
Nxd8 35. Re7 Ne6 36. Rxf7+ Kxf7 37. f4 Nd4 38. Bd3 Rb2 39. Qe1 Ne6 40. Qh4 Nef8
41. h3 Bb7 42. Qe7+ Kg8 43. g4 Bxd5 44. cxd5 fxg4 45. hxg4 Rb4 46. Be4 Rd4 47.
f5 Nf6 48. fxg6 1-0

[Event "Stare Mesto OPEN"]
[Site "?"]
[Date "2004.08.15"]
[Round "4.30"]
[White "Hujo, Jozef"]
[Black "Blaha, Petr"]
[Result "1/2-1/2"]
[WhiteElo "2061"]
[BlackElo "2162"]
[PlyCount "132"]
[EventDate "2004.??.??"]
[SourceDate "2004.08.15"]

1. c4 Nf6 2. Nc3 c5 3. g3 d5 4. cxd5 Nxd5 5. Bg2 Nc7 6. Nf3 Nc6 7. d3 e5 8. O-O
Be7 9. Nd2 Be6 10. Nc4 Nd5 11. Qb3 Nb6 12. Qb5 Nxc4 13. dxc4 Qb6 14. Qxb6 axb6
15. Nd5 Bxd5 16. Bxd5 f6 17. f4 Bd6 18. Rd1 Ke7 19. Kf2 Rad8 20. e4 Rd7 21. Be3
Nd4 22. Rd3 Ra8 23. a3 b5 24. cxb5 Nxb5 25. fxe5 fxe5 26. Bg5+ Ke8 27. Be6 Rc7
28. Rd5 h6 29. Be3 Ke7 30. Bg4 Nd4 31. Rd1 Rf8+ 32. Kg2 Rc6 33. Rd2 b6 34. Bd1
Rf6 35. Ba4 Rc7 36. Bxd4 cxd4 37. Rb5 Rb7 38. Bb3 Bc7 39. Bd5 Ra7 40. Rc2 g5
41. Rb4 h5 42. Rbc4 Kd7 43. Rc6 Rxc6 44. Bxc6+ Ke7 45. Bb5 Bd6 46. Rc6 Rc7 47.
Rxc7+ Bxc7 48. h3 h4 49. gxh4 gxh4 50. Kf3 Kd6 51. b4 Bd8 52. Ke2 Bg5 53. Kd3
Bc1 54. a4 Bb2 55. Kc4 Bc3 56. Be8 Ke7 57. Bh5 Kd6 58. Kb5 Kc7 59. Be2 Kb7 60.
Bd3 Bd2 61. a5 bxa5 62. Kxa5 Kc6 63. Bc4 Be1 64. Bb5+ Kb7 65. Ka4 Kb6 66. Bd3
Bg3 1/2-1/2

[Event "Stare Mesto OPEN"]
[Site "?"]
[Date "2004.08.16"]
[Round "5.1"]
[White "Lechtynsky, Jiri"]
[Black "Weglarz, Leszek"]
[Result "1/2-1/2"]
[WhiteElo "2485"]
[BlackElo "2305"]
[PlyCount "66"]
[EventDate "2004.08.16"]
[SourceDate "2004.08.16"]

1. Nf3 d5 2. d4 e6 3. c4 Nf6 4. Nc3 a6 5. cxd5 exd5 6. Bg5 Be7 7. e3 O-O 8. Rc1
c6 9. Bd3 Nbd7 10. Qc2 Re8 11. O-O Nf8 12. a3 Ng6 13. Bxf6 Bxf6 14. b4 Be7 15.
Ne2 Bg4 16. Nd2 Bxe2 17. Bxe2 Bd6 18. g3 Nf8 19. Nb3 Rc8 20. Nc5 Bxc5 21. bxc5
Rc7 22. Rb1 g6 23. Rb3 Ree7 24. Rfb1 f5 25. Bd3 Qe8 26. a4 Qf7 27. Bf1 Ne6 28.
f4 Ng7 29. Qd2 Ne8 30. Bg2 Nf6 31. Bf3 Kg7 32. Rb6 Kg8 33. R1b3 Kg7 1/2-1/2

[Event "Stare Mesto OPEN"]
[Site "?"]
[Date "2004.08.16"]
[Round "5.2"]
[White "Jurcik, Marian"]
[Black "Plachetka, Jan"]
[Result "0-1"]
[WhiteElo "2278"]
[BlackElo "2435"]
[PlyCount "104"]
[EventDate "2004.??.??"]
[SourceDate "2004.08.16"]

1. Nf3 c5 2. e4 Nc6 3. d4 cxd4 4. Nxd4 g6 5. Nc3 Bg7 6. Be3 Nf6 7. Bc4 O-O 8.
Bb3 a5 9. f3 d5 10. exd5 Nb4 11. Nde2 a4 12. Nxa4 Nfxd5 13. Bf2 b5 14. Nac3
Nxc3 15. Nxc3 Bf5 16. O-O Qxd1 17. Rfxd1 Nxc2 18. Bxc2 Bxc2 19. Rd2 Bb3 20.
Nxb5 Bxa2 21. Nc7 Rad8 22. Rxd8 Rxd8 23. Rxa2 Rd1+ 24. Be1 Rxe1+ 25. Kf2 Rc1
26. Ra8+ Bf8 27. Nd5 Rc2+ 28. Kg3 Kg7 29. Nb6 e6 30. Na4 Bd6+ 31. Kh3 h5 32.
Ra6 Be5 33. b4 g5 34. b5 Rc4 35. g3 Rc2 36. Rc6 Ra2 37. Nc3 Rb2 38. Ne4 Kg6 39.
Rc5 f6 40. Nxg5 Kxg5 41. f4+ Kf5 42. b6 Rxb6 43. Kh4 Rb2 44. h3 Rb4 45. Kxh5
Rb8 46. Kh6 Rh8+ 47. Kg7 Rxh3 48. fxe5 Rxg3+ 49. Kf7 fxe5 50. Ke7 Rd3 51. Rc6
e4 52. Rxe6 e3 0-1

[Event "Stare Mesto OPEN"]
[Site "?"]
[Date "2004.08.16"]
[Round "5.3"]
[White "Klima, Lukas"]
[Black "Vyskocil, Neklan"]
[Result "1/2-1/2"]
[WhiteElo "2432"]
[BlackElo "2305"]
[PlyCount "50"]
[EventDate "2004.??.??"]
[SourceDate "2004.08.16"]

1. e4 Nf6 2. e5 Nd5 3. d4 d6 4. Nf3 dxe5 5. Nxe5 Nd7 6. Nxf7 Kxf7 7. Qh5+ Ke6
8. c4 N5f6 9. d5+ Kd6 10. Qh4 e5 11. g4 Qe8 12. Nc3 c6 13. dxc6 bxc6 14. g5 Nh5
15. Be2 g6 16. c5+ Nxc5 17. O-O Qf7 18. f4 Nxf4 19. Rxf4 exf4 20. Bxf4+ Ke7 21.
Be5 Bg7 22. Qd4 Bxe5 23. Qxe5+ Ne6 24. Rf1 Qg7 25. Rf6 Kd8 1/2-1/2

[Event "Stare Mesto OPEN"]
[Site "?"]
[Date "2004.08.16"]
[Round "5.4"]
[White "Bazant, Petr jr"]
[Black "Dauth, Benjamin"]
[Result "1-0"]
[WhiteElo "2384"]
[BlackElo "2271"]
[PlyCount "53"]
[EventDate "2004.??.??"]
[SourceDate "2004.08.16"]

1. e4 e5 2. Nf3 Nc6 3. Bb5 f5 4. d3 fxe4 5. dxe4 Nf6 6. O-O Bc5 7. Qe2 d6 8.
Qc4 Bg4 9. Nxe5 Bxf2+ 10. Rxf2 dxe5 11. Bxc6+ bxc6 12. Qxc6+ Kf7 13. Nc3 Re8
14. Nd5 Kg6 15. Bd2 Re6 16. Qc4 c6 17. Nxf6 Rxf6 18. Be3 Qd6 19. h3 Be6 20. Qc3
a5 21. Bc5 Qc7 22. Qg3+ Kf7 23. Raf1 Rxf2 24. Qxf2+ Kg6 25. Qg3+ Kh5 26. Be3 h6
27. Rf5+ 1-0

[Event "Stare Mesto OPEN"]
[Site "?"]
[Date "2004.08.16"]
[Round "5.5"]
[White "Dlugosz, Jedrzej"]
[Black "Vesselovsky, Serguei"]
[Result "0-1"]
[WhiteElo "2270"]
[BlackElo "2383"]
[PlyCount "38"]
[EventDate "2004.??.??"]
[SourceDate "2004.08.16"]

1. e4 c5 2. Nf3 d6 3. d4 cxd4 4. Nxd4 Nf6 5. Nc3 Nc6 6. Be3 e6 7. f3 Be7 8. Qd2
O-O 9. O-O-O d5 10. Qe1 e5 11. Nxc6 bxc6 12. exd5 Nxd5 13. Bc4 Be6 14. Ne4 Qc7
15. Nc5 Nxe3 16. Nxe6 Qb6 17. Nxf8 Nxc4 18. Qc3 Qa6 19. b3 Qxa2 0-1

[Event "Stare Mesto OPEN"]
[Site "?"]
[Date "2004.08.16"]
[Round "5.6"]
[White "Kireev, Alexei"]
[Black "Jurkiewicz, Krzysztof"]
[Result "1/2-1/2"]
[WhiteElo "2358"]
[BlackElo "2290"]
[PlyCount "68"]
[EventDate "2004.??.??"]
[SourceDate "2004.08.16"]

1. d4 e6 2. Nf3 c5 3. c3 d5 4. Bg5 Qb6 5. Qb3 Nc6 6. e3 Be7 7. Bxe7 Ngxe7 8.
Nbd2 Bd7 9. Be2 Qxb3 10. axb3 cxd4 11. exd4 Ng6 12. b4 O-O 13. b5 Nce7 14. Nb3
b6 15. Nbd2 Rfc8 16. Ra3 Nf5 17. g3 Nd6 18. Rb3 f6 19. h4 Rc7 20. O-O Re8 21.
Ra1 e5 22. Nf1 e4 23. Ne1 f5 24. Ne3 Be6 25. h5 f4 26. N3g2 f3 27. hxg6 fxe2
28. Nf4 hxg6 29. Nxe6 Rxe6 30. Ng2 g5 31. Re1 Nc4 32. Rxe2 Rf6 33. Ne3 Nxe3 34.
Rxe3 g4 1/2-1/2